书目信息 |
| 题名: |
免疫组织化学实验技术及应用
|
|
| 作者: | 倪灿荣 , 马大烈 , 戴益民 主编 | |
| 分册: | ||
| 出版信息: | 北京 化学工业出版社 2006 |
|
| 页数: | 357页 | |
| 开本: | 26cm | |
| 丛书名: | 生物实验室系列 | |
| 单 册: | ||
| 中图分类: | R392.11-33 | |
| 科图分类: | ||
| 主题词: | 免疫学--组织化学--实验 , 免疫学 , 组织化学 | |
| 电子资源: | ||
| ISBN: | 7-5025-8626-1 | |
| 000 | 01143oam2 2200301 450 | |
| 001 | 012007007049 | |
| 005 | 20070522171146.85 | |
| 010 | @a7-5025-8626-1@dCNY60.00 | |
| 100 | @a20070514d2006 km y0chiy0120 ea | |
| 101 | 0 | @achi |
| 102 | @aCN@b110000 | |
| 105 | @aa z 000yy | |
| 106 | @ar | |
| 200 | 1 | @a免疫组织化学实验技术及应用@Amian yi zu zhi hua xue shi yan ji shu ji ying yong@f倪灿荣,马大烈,戴益民主编@Fni can rong,ma da lie,dai yi min zhu bian |
| 210 | @a北京@c化学工业出版社@d2006 | |
| 215 | @a357页@c图@d26cm | |
| 225 | 2 | @a生物实验室系列 |
| 330 | @a本书共有十八章及七个附录,内容包括组织细胞材料的准备、免疫金银染色、双重及多重免疫标记、免疫组化结果的分析和判断、原位杂交组化技术等。附录中主要归纳了一些常用的、经典的实验方法的操作流程、试剂配方和实验器皿的处理技术。 | |
| 461 | 0 | @12001 @a生物实验室系列 |
| 606 | 0 | @a免疫学@x组织化学@x实验 |
| 606 | 0 | @a免疫学 |
| 606 | 0 | @a组织化学 |
| 690 | @aR392.11-33@v4 | |
| 701 | 0 | @a倪灿荣@Ani can rong@4主编 |
| 701 | 0 | @a马大烈@Ama da lie@f(1952.6~)@4主编 |
| 701 | 0 | @a戴益民@Adai yi min@c(医学)@4主编 |
| 801 | 0 | @aCN@bRULIN@c20070522 |
| 905 | @dR392.11-33@e157@s8 | |
| 免疫组织化学实验技术及应用/倪灿荣,马大烈,戴益民主编.-北京:化学工业出版社,2006 |
| 357页:图;26cm.-(生物实验室系列) |
| ISBN 7-5025-8626-1:CNY60.00 |
| 本书共有十八章及七个附录,内容包括组织细胞材料的准备、免疫金银染色、双重及多重免疫标记、免疫组化结果的分析和判断、原位杂交组化技术等。附录中主要归纳了一些常用的、经典的实验方法的操作流程、试剂配方和实验器皿的处理技术。 |
| ● |
| 相关链接 |
|
|
|
|
正题名:免疫组织化学实验技术及应用
索取号:R392.11-33/157
 
预约/预借
| 序号 | 登录号 | 条形码 | 馆藏地/架位号 | 状态 | 备注 |
| 1 | 0574163 | 205741633 | 第二样本阅览室/ [索取号:R392.11-33/157] | 在馆 | |
| 2 | 0574164 | 205741642 | 教育系资料室/ [索取号:R392.11-33/157] | 在馆 | |
| 3 | 0574165 | 205741651 | 教育系资料室/ [索取号:R392.11-33/157] | 在馆 | |
| 4 | 0574166 | 205741660 | 教育系资料室/ [索取号:R392.11-33/157] | 在馆 | |
| 5 | 0574167 | 205741679 | 教育系资料室/ [索取号:R392.11-33/157] | 在馆 | |
| 6 | 0574168 | 205741688 | 第三借阅区/ [索取号:R392.11-33/157] | 在馆 | |
| 7 | 0574169 | 205741697 | 第三借阅区/ [索取号:R392.11-33/157] | 在馆 | |
| 8 | 0574170 | 205741704 | 第三借阅区/ [索取号:R392.11-33/157] | 在馆 |